Landscape Architecture: History Ecology And Patterns (Record no. 357607)

MARC details
000 -LEADER
fixed length control field 00589nam a22001817a 4500
005 - DATE AND TIME OF LATEST TRANSACTION
control field 20240314145947.0
008 - FIXED-LENGTH DATA ELEMENTS--GENERAL INFORMATION
fixed length control field 240314b |||||||| |||| 00| 0 eng d
020 ## - INTERNATIONAL STANDARD BOOK NUMBER
International Standard Book Number 9789383 419432
041 ## - LANGUAGE CODE
Language code of text/sound track or separate title eng
082 ## - DEWEY DECIMAL CLASSIFICATION NUMBER
Classification number 712
Item number JAI
100 ## - MAIN ENTRY--PERSONAL NAME
Author Jai M. And Shing I p
245 ## - TITLE STATEMENT
Title Landscape Architecture: History Ecology And Patterns
260 ## - PUBLICATION, DISTRIBUTION, ETC.
Place of publication, distribution, etc. New Delhi
Name of publisher, distributor, etc. Copal Publishing Group
Date of publication, distribution, etc. 2017
300 ## - PHYSICAL DESCRIPTION
Extent 222p
Other physical details Hb
Dimensions 26 x 21
365 ## - TRADE PRICE
Price type code INR
Price amount 3295.00
Currency code Rupaye
500 ## - GENERAL NOTE
Keywords Landscape And Its Types<br/>Ecology Plant Materials: Tree Shrubs And Climbers<br/>Water<br/>Landscspe
942 ## - ADDED ENTRY ELEMENTS (KOHA)
Koha item type Books
Holdings
Withdrawn status Lost status Source of classification or shelving scheme Damaged status Not for loan Collection code Home library Current library Date acquired Vendor Budget Code Net Price Bill number Total Checkouts Full call number Barcode Date last seen Date last checked out Discount Actual Price Bill Date Koha item type
    Dewey Decimal Classification     Book of B Arch Dr. Bhanuben Nanavati College of Architecture Dr. Bhanuben Nanavati College of Architecture 14/03/2024 Metro Books B Arch 2471.25 2663 2 712 JAI BNCA-BK-12638 09/12/2024 02/12/2024 25% 3295.00 05/03/2024 Reference book